000 00486nam a2200181Ia 4500
001 22809
005 20260414150855.0
008 260414t2018||||xx |||||||||||||| ||spa||
041 _aESP
082 _a624.10299
_bE399 2018
100 _aEyzaguirre Acosta, Carlos Augusto
_eAUT
245 0 _aCostos y presupuestos para edificaciones con excel, S10 y project
_b
260 _c2018
300 _a390 páginas :
_c25 cm.
650 _a0
654 _aCIC
942 _cLIB
_dJUS
_fJUS
_2ddc
_n
999 _c22809
_d22809